| 000 | 02616cgm a2200577Ia 4500 | ||
|---|---|---|---|
| 003 | data | ||
| 005 | 20260322212041.0 | ||
| 007 | data | ||
| 008 | data | ||
| 020 | _a0783118430 | ||
| 020 | _a9780783118437 | ||
| 028 | 4 | 2 |
_a91782 _bHBO Home Video |
| 040 |
_aOQX _cOQX _dVP@ _dBTCTA _dOCLCG _dVP@ |
||
| 041 | 1 |
_aengspa _bfre |
|
| 050 | 4 |
_aGV865.A1 _bS59 2001 |
|
| 082 | 0 | 4 | _a791.43 |
| 090 | _aDVD 744 | ||
| 245 | 1 | 0 |
_a61* _h[videorecording] / _cHank Steinberg ... [et al.]. |
| 246 | 3 | _aSixty one. | |
| 250 | _aWidescreen version, 16:9. | ||
| 260 |
_aNew York, NY : _bHBO Home Video, _cc2001. |
||
| 300 |
_a1 videodisc (129 min.) : _bsd., col. ; _c4 3/4 in. |
||
| 500 | _aSpecial features include: Animated menus, chapter selections, cast & director bios, Making of 61* featurette, player bios & stats, 1961 home run list, original trailer. | ||
| 508 | _aDirector of photography, Haskell Wexler ; editor, Michael Jablow ; music, Marc Shaiman ; costume designer, Dan Moore ; production designer, Rusty Smith. | ||
| 511 | 1 | _aThomas Jane, Barry Pepper, Richard Masur, Bruce McGill, Chris Bauer, Chris McDonald, Donald Moffat, Anthony Michael Hall. | |
| 520 | _aMickey Mantle and Roger Maris, one was the Yankees' best loved players and the other was their most valuable. 1961 was about to be the summer that no one who loves baseball will ever forget. Both men find that they are approaching Babe Ruth's 1927 single-season 60 home-run record. Facing pressure from the media and the stands, both men know that there is only room for one winner. The fans make their choice, but the people's favorite isn't the favorite to win. | ||
| 521 | 8 | _aMPAA rating: Not rated. | |
| 538 | _aDVD, English 5.1, English Dolby surround, Spanish stereo. | ||
| 546 | _aEnglish or Spanish dialogue; English, French, or Spanish subtitles. | ||
| 600 | 1 | 0 |
_aMantle, Mickey, _d1931-1995 _vDrama. |
| 600 | 1 | 0 |
_aMaris, Roger, _d1934-1985 _vDrama. |
| 610 | 2 | 0 |
_aNew York Yankees (Baseball team) _vDrama. |
| 650 | 0 |
_aBaseball _xRecords _vDrama. |
|
| 650 | 0 | _aFeature films. | |
| 655 | 7 |
_aSports films. _2lcsh. |
|
| 655 | 7 |
_aVideo recordings for the hearing impaired. _2lcsh. |
|
| 700 | 1 | _aSteinberg, Hank. | |
| 700 | 1 | _aCrystal, Billy. | |
| 700 | 1 | _aJane, Thomas. | |
| 700 | 1 |
_aPepper, Barry, _d1970- |
|
| 700 | 1 | _aMasur, Richard. | |
| 700 | 1 |
_aMcGill, Bruce, _d1950- |
|
| 700 | 1 | _aBauer, Chris. | |
| 700 | 1 |
_aMcDonald, Christopher, _d1955- |
|
| 700 | 1 |
_aMoffat, Donald, _d1930- |
|
| 700 | 1 | _aHall, Anthony Michael. | |
| 710 | 2 | _aHBO Films. | |
| 710 | 2 | _aFace Productions. | |
| 710 | 2 | _aHBO Video (Firm) | |
| 001 | data | ||
| 999 |
_c963 _d963 |
||